[Event "SR Extraliga 2017/2018"]
[Site "?"]
[Date "2018.01.06"]
[Round "7.3"]
[White "Tazbir, Marcin"]
[Black "Repka, Christopher"]
[Result "1/2-1/2"]
[WhiteElo "2524"]
[BlackElo "2498"]
[PlyCount "148"]
[EventDate "2017.??.??"]

1. e4 e5 2. Nf3 Nc6 3. Bb5 a6 4. Ba4 Nf6 5. Qe2 b5 6. Bb3 Be7 7. O-O d6 8. h3
Na5 9. d3 O-O 10. Nc3 Bb7 11. Bd2 Re8 12. Nd5 Nxd5 13. Bxd5 c6 14. Bxa5 Qxa5
15. Bb3 Qb6 16. Kh1 Rad8 17. a3 d5 18. Nxe5 c5 19. c3 Bd6 20. f4 c4 21. dxc4
dxc4 22. Bc2 Bxe5 23. fxe5 Rxe5 24. Rad1 Rde8 25. Rd7 R5e7 26. Qd2 Qe6 27. Rd6
Qc8 28. Rf4 Qc5 29. Rf5 Qc7 30. Rf4 Bc6 31. Rf1 h6 32. Rd4 Qg3 33. a4 Qg6 34.
axb5 axb5 35. Rf4 Bxe4 36. Bxe4 Rxe4 37. Rdxe4 Rxe4 38. Rxe4 Qxe4 39. Qd8+ Kh7
40. Qd2 Qb1+ 41. Kh2 Qe4 42. Kh1 Kg6 43. Kg1 f5 44. Qd6+ Kg5 45. Qg3+ Kf6 46.
Qd6+ Qe6 47. Qd8+ Kg6 48. Qd2 Qe5 49. Kf1 f4 50. Kf2 Kf5 51. Kf1 Ke6 52. Qd8
Kf5 53. Qd1 Kg5 54. Qg4+ Kf6 55. Qd7 Qf5 56. Qd4+ Kg6 57. Kf2 Qc2+ 58. Kg1 Qf5
59. Kf2 Kh7 60. Kf3 g5 61. Kf2 Kg6 62. Qd6+ Kh5 63. Qd1+ Kh4 64. Kg1 Qe6 65.
Kh2 g4 66. Qd8+ Kh5 67. hxg4+ Kxg4 68. Qd1+ Kg5 69. Qd8+ Kf5 70. Qd1 Qg8 71.
Qd7+ Ke4 72. Qd4+ Kf5 73. Qd7+ Ke4 74. Qd4+ Kf5 1/2-1/2

[Event "SR Extraliga 2017/2018"]
[Site "?"]
[Date "2018.01.06"]
[Round "7.4"]
[White "Repkova, Eva"]
[Black "Jurcik, Martin"]
[Result "1/2-1/2"]
[WhiteElo "2304"]
[BlackElo "2334"]
[PlyCount "57"]
[EventDate "2017.??.??"]

1. e4 c5 2. Nf3 e6 3. d4 cxd4 4. Nxd4 a6 5. g3 d5 6. e5 Nc6 7. Nxc6 bxc6 8. Bg2
Ne7 9. O-O Nf5 10. c4 Bc5 11. Nc3 O-O 12. Qg4 Rb8 13. Bf4 Bd4 14. Rad1 Qc7 15.
cxd5 cxd5 16. Nxd5 exd5 17. e6 Be5 18. Rc1 Qd6 19. Qxf5 Bxf4 20. exf7+ Kh8 21.
Qxf4 Qxf4 22. gxf4 Rxf7 23. Bxd5 Rxf4 24. Rc4 Rf5 25. Re1 Bd7 26. Bc6 Rg5+ 27.
Kh1 Bxc6+ 28. Rxc6 h6 29. b3 1/2-1/2

[Event "SR Extraliga 2017/2018"]
[Site "?"]
[Date "2018.01.06"]
[Round "7.5"]
[White "Likavsky, Tomas"]
[Black "Dovzik, Juri"]
[Result "1-0"]
[WhiteElo "2428"]
[BlackElo "2292"]
[PlyCount "135"]
[EventDate "2017.??.??"]

1. d4 d5 2. c4 c6 3. Nf3 Nf6 4. e3 a6 5. Qc2 g6 6. Bd3 Bg7 7. Nbd2 Bg4 8. h3
Bxf3 9. Nxf3 Nbd7 10. O-O O-O 11. Bd2 e6 12. Rfd1 Qc7 13. Rac1 Rac8 14. b4 Qb8
15. Bc3 dxc4 16. Bxc4 Nd5 17. Be1 e5 18. dxe5 Nxe5 19. Nxe5 Bxe5 20. Qe4 Nb6
21. Bb3 Bf6 22. Qf3 Qe5 23. Bc3 Qxc3 24. Rxc3 Bxc3 25. Qf4 Nd5 26. Bxd5 cxd5
27. Rxd5 b5 28. Qd6 a5 29. bxa5 Bxa5 30. Qa3 Rfd8 31. Rxb5 Rd1+ 32. Kh2 Bc7+
33. g3 Rd2 34. Rb2 Bd6 35. Qb3 Rxb2 36. Qxb2 Ra8 37. Kg2 Bf8 38. g4 h6 39. h4
Ra4 40. Kg3 Bd6+ 41. Kh3 Bf8 42. Qc2 Ra3 43. Qc4 Be7 44. Kg3 Bd6+ 45. Kf3 Be7
46. Qc8+ Bf8 47. Qc2 Be7 48. Qb2 Bf8 49. Qd2 Be7 50. h5 gxh5 51. gxh5 Bf8 52.
Kg4 Ra4+ 53. f4 Ra3 54. e4 Ra4 55. Qc2 Ra3 56. e5 Be7 57. Qc4 Bf8 58. f5 Ra5
59. e6 fxe6 60. Qxe6+ Kh8 61. Qe8 Kg8 62. a4 Rc5 63. f6 Rg5+ 64. Kf4 Rc5 65.
Ke4 Rc1 66. Qg6+ Kh8 67. Qf7 Re1+ 68. Kf3 1-0

[Event "SR Extraliga 2017/2018"]
[Site "?"]
[Date "2018.01.06"]
[Round "7.6"]
[White "Frindt, Kornel"]
[Black "Kantorik, Marian"]
[Result "1/2-1/2"]
[WhiteElo "2223"]
[BlackElo "2316"]
[PlyCount "60"]
[EventDate "2017.??.??"]

1. e4 d6 2. d4 g6 3. c4 Bg7 4. Nc3 Nc6 5. Be3 e5 6. Nge2 Nf6 7. f3 exd4 8. Nxd4
Ne5 9. Qd2 O-O 10. h3 a6 11. f4 Ned7 12. Nf3 Re8 13. Bd3 b6 14. O-O Bb7 15. f5
Nc5 16. fxg6 hxg6 17. Ng5 Ncd7 18. Qf2 Ne5 19. Be2 Ned7 20. Qh4 Nf8 21. Rae1
Qe7 22. Bd3 Qe5 23. Bc2 Re7 24. Nf3 Qh5 25. Qxh5 Nxh5 26. Bg5 f6 27. Bc1 Rae8
28. Kh2 Bh8 29. g4 Ng7 30. Nd5 Bxd5 1/2-1/2

[Event "SR Extraliga 2017/2018"]
[Site "?"]
[Date "2018.01.06"]
[Round "7.7"]
[White "Hanko, Pavol"]
[Black "Klemanic, Emil"]
[Result "1/2-1/2"]
[WhiteElo "2052"]
[BlackElo "2119"]
[PlyCount "27"]
[EventDate "2017.??.??"]

1. d4 Nf6 2. Nf3 d6 3. c4 Bg4 4. Qb3 Qc8 5. h3 Bxf3 6. Qxf3 Nc6 7. d5 Ne5 8.
Qb3 g6 9. g3 c5 10. Bg2 Bg7 11. O-O O-O 12. Nd2 Rb8 13. a4 Qc7 14. Nf3 1/2-1/2

[Event "SR Extraliga 2017/2018"]
[Site "?"]
[Date "2018.01.06"]
[Round "7.8"]
[White "Tauber, Marek"]
[Black "Magat, Jozef"]
[Result "1-0"]
[WhiteElo "2110"]
[BlackElo "2118"]
[PlyCount "119"]
[EventDate "2017.??.??"]

1. e4 c6 2. d4 d5 3. Nd2 dxe4 4. Nxe4 Nf6 5. Nxf6+ gxf6 6. Nf3 Bg4 7. Be2 e6 8.
O-O Bd6 9. c4 Nd7 10. Nh4 f5 11. g3 Rg8 12. Kh1 Qf6 13. d5 exd5 14. cxd5 c5 15.
Qc2 Bh3 16. Rg1 O-O-O 17. Bd2 Rde8 18. Bc3 Be5 19. Bd3 f4 20. Rae1 Bxc3 21.
Qxc3 Rxe1 22. Qxe1 Qxb2 23. Bf5 Bg4 24. Bxg4 Rxg4 25. Qe8+ Kc7 26. d6+ Kb6 27.
Qxd7 Rxh4 28. Qd8+ Kc6 29. Qxh4 Qxa2 30. Qxf4 Qd5+ 31. f3 Qxd6 32. Qa4+ Kc7 33.
Qxa7 Qd5 34. Qa5+ Kc6 35. Qc3 b5 36. Qf6+ Qd6 37. Qc3 b4 38. Qc4 Qd5 39. Qa6+
Kc7 40. Qa7+ Kc6 41. Qa6+ Kc7 42. Qe2 Kb6 43. Rc1 b3 44. Kg2 Ka5 45. Rd1 Qe6
46. Ra1+ Kb4 47. Qd2+ Kb5 48. Qa5+ Kc6 49. Qa8+ Kb5 50. Qa5+ Kc6 51. Qa6+ Kc7
52. Qa7+ Kc6 53. Ra6+ Kd5 54. Rxe6 fxe6 55. Kf2 Kc4 56. Ke2 b2 57. Qb6 Kc3 58.
Qxc5+ Kb3 59. Qb5+ Kc2 60. Qc4+ 1-0

[Event "SR Extraliga 2017/2018"]
[Site "?"]
[Date "2018.01.06"]
[Round "7.1"]
[White "Cernousek, Lukas"]
[Black "Navara, David"]
[Result "1/2-1/2"]
[WhiteElo "2468"]
[BlackElo "2749"]
[PlyCount "105"]
[EventDate "2017.??.??"]

1. d4 f5 2. Qd3 d5 3. Nf3 Nf6 4. Bf4 c5 5. c4 Nc6 6. Nc3 e6 7. e3 a6 8. dxc5
Bxc5 9. Be2 Nb4 10. Qd1 dxc4 11. Qxd8+ Kxd8 12. O-O-O+ Ke8 13. Bxc4 b5 14. Bb3
Ke7 15. Nd4 Rd8 16. Bc7 Re8 17. Ba5 Bd7 18. Bxb4 Bxb4 19. Bxe6 Bxe6 20. Nc6+
Kf7 21. Nxb4 a5 22. Nc2 Reb8 23. b4 axb4 24. Nxb4 Rc8 25. Kb2 Rxc3 26. Kxc3
Ne4+ 27. Kb2 Nxf2 28. Rhf1 Nxd1+ 29. Rxd1 g5 30. Rd6 h5 31. g3 Bc4 32. a3 Re8
33. Nc2 Re6 34. Rxe6 Kxe6 35. Kc3 Kd5 36. h4 gxh4 37. gxh4 Bf1 38. Nd4 Ke4 39.
Ne6 Kxe3 40. Ng7 f4 41. Nxh5 f3 42. Ng3 Bd3 43. h5 Kf2 44. Nh1+ Ke3 45. Ng3 Bh7
46. Nf1+ Ke2 47. Nh2 f2 48. h6 f1=R 49. Nxf1 Kxf1 50. Kb4 Bd3 51. a4 bxa4 52.
h7 Bxh7 53. Kxa4 1/2-1/2

[Event "SR Extraliga 2017/2018"]
[Site "?"]
[Date "2018.01.06"]
[Round "7.2"]
[White "Babula, Vlastimil"]
[Black "Ponizil, Cyril"]
[Result "0-1"]
[WhiteElo "2555"]
[BlackElo "2479"]
[PlyCount "52"]
[EventDate "2017.??.??"]

1. d4 Nf6 2. c4 e6 3. Nc3 Bb4 4. e3 O-O 5. Bd3 d5 6. Nf3 c5 7. O-O dxc4 8. Bxc4
Nbd7 9. Qb3 a6 10. a4 b6 11. Rd1 Bb7 12. Na2 Ba5 13. dxc5 Bxf3 14. gxf3 bxc5
15. Qc2 Qb8 16. Rb1 Qe5 17. Bf1 Qh5 18. Bg2 Ne5 19. Qe2 Rad8 20. Rxd8 Rxd8 21.
Kf1 Qxh2 22. b4 cxb4 23. Nxb4 Ng6 24. f4 Nh4 25. Bc6 Nd5 26. Bxd5 Rxd5 0-1

[Event "SR Extraliga 2017/2018"]
[Site "?"]
[Date "2018.01.06"]
[Round "7.3"]
[White "Motuz, Karol"]
[Black "Markos, Jan"]
[Result "0-1"]
[WhiteElo "2425"]
[BlackElo "2559"]
[PlyCount "62"]
[EventDate "2017.??.??"]

1. d4 Nf6 2. Nf3 e6 3. g3 b5 4. Bg2 Bb7 5. O-O c5 6. a4 b4 7. c3 a5 8. cxb4
cxb4 9. Bg5 Be7 10. Nbd2 O-O 11. Rc1 d6 12. Nb3 Qd7 13. Ra1 Rc8 14. Nfd2 Bxg2
15. Kxg2 Qc6+ 16. Kg1 Nbd7 17. e3 Nb6 18. Qe2 Nxa4 19. Rfc1 Qd7 20. Rxc8+ Rxc8
21. Nxa5 Nxb2 22. Bxf6 Bxf6 23. Ne4 Na4 24. Nxf6+ gxf6 25. Qg4+ Kh8 26. d5 Nc3
27. dxe6 Qxe6 28. Qxb4 Ne2+ 29. Kg2 Qd5+ 30. e4 Qd3 31. Ra3 Nf4+ 0-1

[Event "SR Extraliga 2017/2018"]
[Site "?"]
[Date "2018.01.06"]
[Round "7.4"]
[White "Kriebel, Tadeas"]
[Black "Roubalik, Jakub"]
[Result "1-0"]
[WhiteElo "2505"]
[BlackElo "2397"]
[PlyCount "101"]
[EventDate "2017.??.??"]

1. e4 c5 2. Nf3 d6 3. d4 cxd4 4. Nxd4 Nf6 5. Nc3 a6 6. Be2 e5 7. Nb3 Be7 8. O-O
O-O 9. Re1 Nbd7 10. a4 b6 11. Bf3 Bb7 12. Nd2 Rc8 13. Nf1 Nc5 14. Ng3 g6 15.
Bh6 Re8 16. Qd2 Ne6 17. Be3 Bf8 18. a5 b5 19. Bb6 Qd7 20. Nf1 Nf4 21. Ne3 Bh6
22. Rad1 b4 23. Na2 Nxe4 24. Bxe4 Bxe4 25. Qxd6 Qb7 26. Qd7 Bxg2 27. Qxb7 Bxb7
28. Nxb4 Bf8 29. Nbd5 Nxd5 30. Nxd5 Bg7 31. c3 Rc4 32. Ne3 Rh4 33. Rd8 Rxd8 34.
Bxd8 Rh5 35. Rd1 Bf3 36. Rd6 f5 37. Rxa6 f4 38. Nc4 e4 39. Re6 Rd5 40. Rd6 Rc5
41. Nd2 Rb5 42. Nxf3 exf3 43. Rd3 Rxb2 44. Rxf3 Rd2 45. Bb6 Be5 46. a6 Ra2 47.
a7 g5 48. Rd3 Ra1+ 49. Kg2 g4 50. f3 Ra2+ 51. Kf1 1-0

[Event "SR Extraliga 2017/2018"]
[Site "?"]
[Date "2018.01.06"]
[Round "7.5"]
[White "Piesik, Piotr"]
[Black "Pinter, Erik"]
[Result "1/2-1/2"]
[WhiteElo "2371"]
[BlackElo "2365"]
[PlyCount "77"]
[EventDate "2017.??.??"]

1. d4 Nf6 2. Nf3 g6 3. g3 Bg7 4. Bg2 O-O 5. O-O d5 6. c4 c6 7. Qb3 a5 8. cxd5
a4 9. Qd1 cxd5 10. Nc3 Qa5 11. Bd2 Qa6 12. Ne5 e6 13. Bf4 Bd7 14. Qd2 Nc6 15.
Rfc1 Rfc8 16. e3 Be8 17. Rab1 Bf8 18. Nd3 Nb4 19. Bf1 Nxd3 20. Bxd3 Qa5 21. Rc2
Nh5 22. Ne2 Qxd2 23. Rxd2 Nxf4 24. Nxf4 Rc7 25. Rc2 Rxc2 26. Bxc2 Rc8 27. Bd3
Bb4 28. Ne2 Kf8 29. f4 Ke7 30. Kf2 Bd7 31. e4 dxe4 32. Bxe4 b5 33. Ke3 h5 34.
Rc1 Rxc1 35. Nxc1 Bd6 36. Nd3 b4 37. Ne5 a3 38. bxa3 bxa3 39. Nxd7 1/2-1/2

[Event "SR Extraliga 2017/2018"]
[Site "?"]
[Date "2018.01.06"]
[Round "7.6"]
[White "Pcola, Pavol"]
[Black "Zpevak, Pavel"]
[Result "1-0"]
[WhiteElo "2373"]
[BlackElo "2342"]
[PlyCount "57"]
[EventDate "2017.??.??"]

1. c4 Nf6 2. g3 c6 3. Nf3 d5 4. Bg2 Bf5 5. cxd5 cxd5 6. Qb3 Qb6 7. Qxb6 axb6 8.
Nc3 Nc6 9. O-O e6 10. d3 h6 11. Nb5 Kd7 12. Nbd4 Nxd4 13. Nxd4 Bh7 14. Bd2 Be7
15. Rfc1 Rhc8 16. Rc3 Rxc3 17. Bxc3 Ne8 18. e4 dxe4 19. dxe4 Nd6 20. f3 Rd8 21.
Bf1 Kc8 22. Nb3 g5 23. Bd4 b5 24. Bb6 Rg8 25. Rc1+ Kb8 26. Bc7+ Ka8 27. Nd4 g4
28. Nxb5 Ne8 29. Bd8 1-0

[Event "SR Extraliga 2017/2018"]
[Site "?"]
[Date "2018.01.06"]
[Round "7.7"]
[White "Vojtek, Vladimir"]
[Black "Krak, Tomas"]
[Result "1-0"]
[WhiteElo "2266"]
[BlackElo "2285"]
[PlyCount "109"]
[EventDate "2017.??.??"]

1. Nc3 d5 2. e4 d4 3. Nce2 e5 4. Nf3 f6 5. Ng3 Be6 6. Bb5+ c6 7. Ba4 Nd7 8. Bb3
Nc5 9. Bxe6 Nxe6 10. O-O Qd7 11. d3 g6 12. Nd2 h5 13. Ne2 Bh6 14. a4 Ne7 15. b3
c5 16. a5 h4 17. h3 Nc6 18. Nf3 Bxc1 19. Qxc1 O-O-O 20. Nh2 f5 21. a6 b6 22. f3
Rdf8 23. Qd2 Qd6 24. Rf2 Nb4 25. Raf1 f4 26. Ra1 Nc7 27. Ng4 Ne8 28. c3 dxc3
29. Qxc3 Rh5 30. Qc4 Nc7 31. Nc3 Qd4 32. Rd1 Rg5 33. Nb5 Nxb5 34. Qxb5 Qd7 35.
Qc4 Rd8 36. Kf1 Kb8 37. Rfd2 Rxg4 38. fxg4 Qe8 39. d4 exd4 40. Re1 Qd7 41. Kg1
Re8 42. e5 Qe6 43. g5 Qxc4 44. bxc4 Re6 45. Rf2 Nd3 46. Re4 Kc7 47. Rf3 Rxe5
48. Rxe5 Nxe5 49. Rxf4 b5 50. cxb5 Kb6 51. Re4 Nd3 52. Re7 Kxb5 53. Rxa7 Nb4
54. Kf2 c4 55. Rb7+ 1-0

[Event "SR Extraliga 2017/2018"]
[Site "?"]
[Date "2018.01.06"]
[Round "7.8"]
[White "Pcola, Jaroslav"]
[Black "Bombek, Peter"]
[Result "0-1"]
[WhiteElo "2100"]
[BlackElo "2259"]
[PlyCount "164"]
[EventDate "2017.??.??"]

1. e4 e6 2. d4 d5 3. Nc3 Bb4 4. e5 Ne7 5. Qg4 Ng6 6. Nf3 c5 7. dxc5 Nc6 8. Bb5
Bxc5 9. O-O Bd7 10. Bd3 Qc7 11. Re1 O-O-O 12. Qg3 f5 13. Bf4 Nce7 14. Bg5 Rdf8
15. h4 Qb6 16. Nd1 Rhg8 17. h5 Nh8 18. a3 h6 19. Bd2 Nc6 20. b4 Be7 21. b5 Nd4
22. Nxd4 Qxd4 23. c3 Qh4 24. Qxh4 Bxh4 25. c4 dxc4 26. Bxc4 Kb8 27. a4 Rc8 28.
Nb2 Nf7 29. Rad1 Rc7 30. Ba5 b6 31. Bb4 Re8 32. Rd4 Be7 33. Bxe7 Rxe7 34. f4
Nd8 35. Nd3 Nb7 36. Nb4 Nc5 37. Red1 Kc8 38. Ra1 Be8 39. a5 Red7 40. Nc6 bxa5
41. Rxa5 Rxd4 42. Nxd4 Bd7 43. Ra1 Kd8 44. Rb1 Ke7 45. Kh2 Na4 46. Rb4 Nb6 47.
Ba2 Rc3 48. Rb2 Rd3 49. Ne2 Be8 50. Ng3 Ra3 51. Bb3 Ra5 52. Ne2 Rxb5 53. Nd4
Rb4 54. Rd2 Bd7 55. Bxe6 Rxd4 56. Rxd4 Bxe6 57. Rd6 Nd5 58. g4 Nxf4 59. gxf5
Bxf5 60. Ra6 Nxh5 61. Rxa7+ Ke6 62. Ra5 Nf4 63. Kg3 Nd5 64. Ra7 g6 65. Rh7 h5
66. Rh8 Kxe5 67. Kh4 Kf4 68. Ra8 Nf6 69. Ra4+ Be4 70. Ra5 Nd5 71. Ra4 Ne3 72.
Ra3 Nf5+ 73. Kh3 g5 74. Kh2 h4 75. Ra1 Nd4 76. Kh3 Nf3 77. Ra7 g4+ 78. Kg2 h3+
79. Kh1 Ng5+ 80. Kg1 g3 81. Ra2 h2+ 82. Rxh2 Nf3+ 0-1

[Event "SR Extraliga 2017/2018"]
[Site "?"]
[Date "2018.01.06"]
[Round "7.1"]
[White "Mazur, Stefan"]
[Black "Banusz, Tamas"]
[Result "1/2-1/2"]
[WhiteElo "2438"]
[BlackElo "2641"]
[PlyCount "92"]
[EventDate "2017.??.??"]

1. e4 e5 2. Nf3 Nc6 3. Bb5 a6 4. Ba4 d6 5. c4 g6 6. d4 exd4 7. Bg5 Qd7 8. Nxd4
Bg7 9. Nxc6 bxc6 10. Nc3 Rb8 11. Nd5 Kf8 12. O-O h6 13. Be3 Ne7 14. Bd4 Nxd5
15. cxd5 Qe7 16. Bxc6 Rb4 17. Bxg7+ Kxg7 18. f3 Rxb2 19. Qd4+ Qf6 20. Qxf6+
Kxf6 21. Rfc1 g5 22. Rc4 Ke5 23. Ba4 g4 24. f4+ Kxf4 25. Rf1+ Ke3 26. Bc2 Re8
27. g3 c5 28. Re1+ Kd2 29. Kf2 Rxc2 30. Re2+ Kd3 31. Rcxc2 Kd4 32. Rcd2+ Ke5
33. Ke3 Bd7 34. Rf2 f5 35. Rf4 Rb8 36. Rdf2 fxe4 37. Rf7 Rd8 38. Rd2 Bf5 39.
Re7+ Kf6 40. Ra7 Ke5 41. Rxa6 Rb8 42. Ra7 Rb4 43. Re7+ Kf6 44. Re8 Kg5 45. Rg8+
Bg6 46. Rd8 Rb6 1/2-1/2

[Event "SR Extraliga 2017/2018"]
[Site "?"]
[Date "2018.01.06"]
[Round "7.2"]
[White "Papp, Gabor"]
[Black "Rojicek, Vojtech"]
[Result "1-0"]
[WhiteElo "2607"]
[BlackElo "2390"]
[PlyCount "115"]
[EventDate "2017.??.??"]

1. e4 e6 2. d4 d5 3. e5 c5 4. c3 Nc6 5. Nf3 Qb6 6. a3 c4 7. Nbd2 Na5 8. Rb1 Bd7
9. Be2 Ne7 10. O-O Nc8 11. Qc2 Qc7 12. a4 Nb6 13. Ra1 Rc8 14. Bd1 Be7 15. Qb1
O-O 16. Bc2 h6 17. h3 f5 18. exf6 Bxf6 19. Re1 Rce8 20. Bg6 Rc8 21. Bh7+ Kh8
22. Bc2 Rce8 23. Bd1 Nc6 24. b4 e5 25. b5 e4 26. bxc6 exf3 27. Rxe8 Rxe8 28.
Nxf3 Bxc6 29. Qg6 Re4 30. Bc2 Be8 31. Qg3 Qxg3 32. fxg3 Re2 33. Bd1 Re7 34. a5
Nc8 35. Bf4 a6 36. Ne5 Na7 37. Bf3 Bxe5 38. Bxe5 Bf7 39. Kf2 Nc6 40. Bf4 Kh7
41. g4 g6 42. h4 Be6 43. Re1 Bf7 44. Ra1 Be6 45. Bd1 Kg7 46. Kg3 Bc8 47. Bf3
Be6 48. Bd6 Rd7 49. Bc5 Kf7 50. Bd1 Kg7 51. Ba4 Rc7 52. Re1 Bf7 53. Bd6 Rd7 54.
Bxc6 Rxd6 55. Bxb7 Rd7 56. Rb1 Re7 57. Kf2 Re4 58. Bxa6 1-0

[Event "SR Extraliga 2017/2018"]
[Site "?"]
[Date "2018.01.06"]
[Round "7.3"]
[White "Hausner, Ivan"]
[Black "Ftacnik, Lubomir"]
[Result "1/2-1/2"]
[WhiteElo "2330"]
[BlackElo "2544"]
[PlyCount "71"]
[EventDate "2017.??.??"]

1. e4 c5 2. Nf3 d6 3. d4 cxd4 4. Nxd4 Nf6 5. Nc3 a6 6. Bg5 Nbd7 7. f4 Qc7 8.
Bd3 e5 9. Nf5 h6 10. Bxf6 Nxf6 11. Qe2 exf4 12. O-O-O g6 13. Nd5 Nxd5 14. exd5+
Kd8 15. Rhe1 Bd7 16. Nd4 Bg7 17. Qe7+ Kc8 18. Bxg6 Bxd4 19. Rxd4 fxg6 20. Rd3
Re8 21. Qxe8+ Bxe8 22. Rxe8+ Kd7 23. Rxa8 Qc5 24. b3 Qg1+ 25. Kb2 Qxg2 26. Rf8
Qe4 27. Rf7+ Kc8 28. Rc3+ Kb8 29. Rf6 Qxd5 30. Rxf4 Qe5 31. Rf8+ Ka7 32. h4 Qd4
33. Rg8 b5 34. a3 a5 35. Rgc8 b4 36. R8c7+ 1/2-1/2

[Event "SR Extraliga 2017/2018"]
[Site "?"]
[Date "2018.01.06"]
[Round "7.4"]
[White "Antal, Gergely"]
[Black "Plachetka, Jan"]
[Result "1-0"]
[WhiteElo "2522"]
[BlackElo "2324"]
[PlyCount "55"]
[EventDate "2017.??.??"]

1. e4 d6 2. d4 Nf6 3. Nc3 e5 4. dxe5 dxe5 5. Qxd8+ Kxd8 6. Bg5 Nbd7 7. O-O-O c6
8. Nf3 Kc7 9. Bc4 Ng4 10. Bh4 f6 11. h3 Nh6 12. g4 b5 13. Bb3 Nc5 14. g5 Nxb3+
15. axb3 Nf7 16. gxf6 gxf6 17. Bxf6 Bh6+ 18. Kb1 Re8 19. Rdg1 Bd7 20. Bg7 Bf4
21. Ne2 Re6 22. Nxf4 exf4 23. Bc3 Rxe4 24. Rg7 Rf8 25. Rd1 h6 26. Nd2 Re6 27.
Bb4 Nd6 28. Ne4 1-0

[Event "SR Extraliga 2017/2018"]
[Site "?"]
[Date "2018.01.06"]
[Round "7.5"]
[White "Cech, Pavel"]
[Black "Polak, Tomas"]
[Result "1/2-1/2"]
[WhiteElo "2372"]
[BlackElo "2515"]
[PlyCount "93"]
[EventDate "2017.??.??"]

1. d4 Nf6 2. c4 e6 3. g3 d5 4. Nf3 dxc4 5. Bg2 a6 6. O-O Nc6 7. e3 Bd7 8. Qe2
b5 9. b3 cxb3 10. axb3 Be7 11. Bb2 O-O 12. Nbd2 Nd5 13. Rfd1 Qe8 14. Ne4 f6 15.
Rdc1 Kh8 16. Nc5 Bc8 17. e4 Ndb4 18. e5 f5 19. h4 Qh5 20. Nd3 Nxd3 21. Rxc6
Nxb2 22. Rxc7 Bd8 23. Rc3 Bb7 24. Qxb2 f4 25. Ne1 f3 26. Bh3 Bb6 27. Rd3 g5 28.
Bxe6 gxh4 29. g4 Rg8 30. d5 Rxg4+ 31. Kh1 Rg7 32. Nxf3 Rf8 33. Qe2 h3 34. Rg1
Rxg1+ 35. Nxg1 Qxe2 36. Nxe2 Rxf2 37. Rg3 Rg2 38. Rxg2 hxg2+ 39. Kxg2 Bc7 40.
Kf3 Bxe5 41. Ke4 Bc7 42. Kf5 Kg7 43. Nc3 Ba5 44. Ne4 Bb4 45. d6 Bxe4+ 46. Kxe4
Bxd6 47. Kf3 1/2-1/2

[Event "SR Extraliga 2017/2018"]
[Site "?"]
[Date "2018.01.06"]
[Round "7.6"]
[White "Pacher, Milan"]
[Black "Hrabusa, Matej"]
[Result "1-0"]
[WhiteElo "2444"]
[BlackElo "2375"]
[PlyCount "81"]
[EventDate "2017.??.??"]

1. d4 d5 2. c4 e6 3. Nc3 Bb4 4. Nf3 Nf6 5. cxd5 exd5 6. Bg5 h6 7. Bxf6 Qxf6 8.
Qa4+ Nc6 9. e3 O-O 10. Be2 Be6 11. O-O a6 12. Rfc1 Bd6 13. Qd1 Ne7 14. Na4 b6
15. b4 g5 16. Nb2 Qg7 17. Nd3 Nf5 18. a4 Kh8 19. a5 b5 20. Rc6 Bd7 21. Rc3 Rae8
22. Nfe5 Bc8 23. Bh5 Nh4 24. Rac1 Re7 25. g3 Ng6 26. Nc6 Ree8 27. Bf3 Bh3 28.
Bxd5 f5 29. Nce5 Nxe5 30. dxe5 Rxe5 31. Nxe5 Bxe5 32. Rc6 Bg4 33. Bf3 Bh3 34.
Rxa6 f4 35. Ra8 fxe3 36. fxe3 Bc8 37. a6 g4 38. Bxg4 Qg5 39. Rxc8 Qxe3+ 40. Kg2
Qf2+ 41. Kh3 1-0

[Event "SR Extraliga 2017/2018"]
[Site "?"]
[Date "2018.01.06"]
[Round "7.7"]
[White "Tropp, Oliver"]
[Black "Zetocha, Claudiu"]
[Result "1-0"]
[WhiteElo "2194"]
[BlackElo "2347"]
[PlyCount "79"]
[EventDate "2017.??.??"]

1. c4 c5 2. g3 Nf6 3. Bg2 e6 4. Nf3 Be7 5. O-O O-O 6. d3 a6 7. e3 Qc7 8. Qe2 b6
9. b3 Bb7 10. Bb2 d6 11. Nbd2 Nbd7 12. e4 Rfd8 13. Ne1 Ne8 14. f4 Bf6 15. Bxf6
Nexf6 16. g4 Nf8 17. g5 Ne8 18. f5 exf5 19. exf5 d5 20. cxd5 Bxd5 21. Ne4 Bb7
22. Nf3 Nd6 23. g6 f6 24. gxh7+ Nxh7 25. Nh4 Re8 26. Ng6 Rad8 27. Rae1 Nf7 28.
Nf4 Bc8 29. Qh5 Qe5 30. Ng6 Qd4+ 31. Kh1 a5 32. Rf4 Qxd3 33. Rh4 Nh6 34. Bf1
Qd4 35. Bc4+ Rd5 36. Rd1 Qxc4 37. bxc4 Rxf5 38. Qe2 Bb7 39. Rd7 Ba8 40. Ne7+
1-0

[Event "SR Extraliga 2017/2018"]
[Site "?"]
[Date "2018.01.06"]
[Round "7.8"]
[White "Petran, Peter"]
[Black "Motycakova, Monika"]
[Result "0-1"]
[WhiteElo "2316"]
[BlackElo "2140"]
[PlyCount "68"]
[EventDate "2017.??.??"]

1. g3 d5 2. Nf3 c6 3. Bg2 Bg4 4. d3 Nd7 5. Nbd2 e6 6. O-O Bd6 7. b3 Ne7 8. Bb2
O-O 9. Qe1 f6 10. e4 Qc7 11. h3 Bh5 12. Nd4 Bf7 13. exd5 exd5 14. Ne6 Bxe6 15.
Qxe6+ Kh8 16. Rfe1 Rae8 17. d4 f5 18. Nf3 Nf6 19. Qe2 Ng6 20. Qf1 Ne4 21. c4
Qf7 22. Qd3 a6 23. Rac1 Qf6 24. Rcd1 f4 25. g4 Nh4 26. cxd5 cxd5 27. Re2 Nxf3+
28. Bxf3 Qh4 29. Kg2 Ng5 30. Rh1 Re3 31. fxe3 Qg3+ 32. Kf1 Qxf3+ 33. Kg1 Qg3+
34. Rg2 Nf3+ 0-1

[Event "SR Extraliga 2017/2018"]
[Site "?"]
[Date "2018.01.06"]
[Round "7.2"]
[White "Petenyi, Tamas"]
[Black "Leniart, Arkadiusz"]
[Result "0-1"]
[WhiteElo "2451"]
[BlackElo "2503"]
[PlyCount "82"]
[EventDate "2017.??.??"]

1. Nf3 d5 2. g3 Nf6 3. Bg2 e6 4. O-O Be7 5. b3 O-O 6. Bb2 c5 7. c4 d4 8. e3 Nc6
9. exd4 cxd4 10. d3 Ne8 11. a3 a5 12. Nbd2 e5 13. Qc2 Nc7 14. Rae1 f6 15. Nh4
g5 16. Nhf3 Be6 17. h4 g4 18. Nh2 Kh8 19. Ne4 Qd7 20. f4 gxf3 21. Nxf3 Rg8 22.
Kh2 Rg7 23. Qf2 Rag8 24. Nxd4 exd4 25. Nxf6 Bd6 26. Nxd7 Bxg3+ 27. Qxg3 Rxg3
28. Re2 Bxd7 29. Rf7 R3g7 30. Ref2 Ne6 31. Bh3 Rxf7 32. Rxf7 Rg7 33. Bxe6 Bxe6
34. Rf8+ Rg8 35. Rf6 Rg6 36. Rf8+ Kg7 37. Re8 Kf7 38. Rh8 Ne5 39. Bxd4 Nf3+ 40.
Kh1 Bh3 41. Rxh7+ Ke6 0-1

[Event "SR Extraliga 2017/2018"]
[Site "?"]
[Date "2018.01.06"]
[Round "7.3"]
[White "Druska, Juraj"]
[Black "Nemeth, Miklos"]
[Result "1-0"]
[WhiteElo "2435"]
[BlackElo "2495"]
[PlyCount "63"]
[EventDate "2017.??.??"]

1. e4 e5 2. Nf3 Nc6 3. d4 exd4 4. Nxd4 Bc5 5. Be3 Qf6 6. c3 Nge7 7. Bb5 Bb6 8.
O-O O-O 9. a4 d5 10. Bxc6 bxc6 11. a5 Bc5 12. Nd2 Bd6 13. N4f3 dxe4 14. Nxe4
Qg6 15. Nxd6 cxd6 16. Bf4 Nd5 17. Bg3 Ba6 18. Re1 Rad8 19. Qd4 Rd7 20. c4 Nb4
21. Ne5 dxe5 22. Qxd7 Nc2 23. b3 Nxa1 24. Rxa1 c5 25. Qxa7 Qd6 26. Qb6 Qd4 27.
Re1 Qc3 28. f3 Bc8 29. a6 f6 30. a7 Bf5 31. Qxc5 Ra8 32. Qd5+ 1-0

[Event "SR Extraliga 2017/2018"]
[Site "?"]
[Date "2018.01.06"]
[Round "7.5"]
[White "Mikrut, Dariusz"]
[Black "Varga, Zoltan"]
[Result "0-1"]
[WhiteElo "2374"]
[BlackElo "2448"]
[PlyCount "84"]
[EventDate "2017.??.??"]

1. e4 Nf6 2. e5 Nd5 3. d4 d6 4. Nf3 Nb6 5. a4 a5 6. Nc3 Bg4 7. h3 Bh5 8. g4 Bg6
9. h4 h6 10. h5 Bh7 11. Be3 e6 12. Bb5+ N8d7 13. Bd3 dxe5 14. dxe5 Bxd3 15.
Qxd3 Nc5 16. Qe2 Qd7 17. O-O Nd5 18. Rfd1 O-O-O 19. Nb5 Qe8 20. Bd2 c6 21. Nbd4
Nb4 22. Qc4 Rd5 23. Be3 Qd7 24. Qe2 Qc7 25. c3 Nba6 26. Qc2 Be7 27. Rab1 Nd7
28. Bf4 Nb6 29. Re1 Kb8 30. b3 Ka8 31. Rbd1 Bc5 32. Qe2 Bxd4 33. Nxd4 Rhd8 34.
Qc2 Qe7 35. Qe2 Nc5 36. Bg3 Qd7 37. Rb1 Qe7 38. Rbc1 Rxd4 39. cxd4 Nxb3 40. Qb2
Qb4 41. Rb1 Nxd4 42. Qa1 Nf3+ 0-1

[Event "SR Extraliga 2017/2018"]
[Site "?"]
[Date "2018.01.06"]
[Round "7.6"]
[White "Bagi, Mate"]
[Black "Holtman, Teodor"]
[Result "1-0"]
[WhiteElo "2439"]
[BlackElo "2261"]
[PlyCount "57"]
[EventDate "2017.??.??"]

1. e4 e6 2. d4 d5 3. Nc3 Nc6 4. Nf3 Nf6 5. Bd3 Nb4 6. e5 Nd7 7. Bg5 Be7 8. Bxe7
Qxe7 9. Qd2 Nb6 10. O-O Bd7 11. Rfe1 Rc8 12. Bf1 c5 13. a3 Na6 14. Nb5 Bxb5 15.
Bxb5+ Nd7 16. c4 Nc7 17. Bxd7+ Qxd7 18. dxc5 dxc4 19. Qf4 c3 20. bxc3 Nd5 21.
Qg4 O-O 22. c4 Nc3 23. Re3 Na4 24. Ng5 Nxc5 25. Rh3 h6 26. Rxh6 f5 27. Rh8+
Kxh8 28. Qh5+ Kg8 29. Qh7# 1-0